| 000 | 00578nam a2200193 i 4500 | ||
|---|---|---|---|
| 001 | 20278 | ||
| 003 | ES-MaACL | ||
| 005 | 20230906152253.0 | ||
| 007 | t| | ||
| 008 | 021111s1917 mx ||||1| spa d | ||
| 100 | 1 |
_aAguirre Berlanga, Manuel. _918856 |
|
| 245 | 1 | 0 |
_aReformas a la constitución / _cM. Aguirre Berlanga. |
| 260 |
_aMéxico D. F. : _b[s.n.], _c1917 ( _fImp. del Gobierno) |
||
| 300 |
_a66 p. ; _c21 cm. |
||
| 650 | 4 |
_aDerecho constitucional- _zMéxico. _9159527 |
|
| 852 |
_aES-MaACL _j1535-F-14 |
||
| 852 |
_aES-MaACL _j1563-F-2 |
||
| 852 |
_aES-MaACL _j1589-F-22 |
||
| 999 |
_c20278 _d20278 |
||